000 00558nam a2200229Ia 4500
003 OSt
005 20221005115643.0
006 a|||||r|||| 00| 0
007 ta
008 221004b |||||||| |||| 00| 0 tam d
024 _a52598
037 _cTextual
040 _aCRL
_cCRL
_btam
041 _2tam
_atam
082 _aV73,1y7L06,1, 31K2
100 _aPragklin
_9627943
245 0 _aChuyacharitam
260 _c1962
650 _aHISTORY
942 _hV73,1y7L06,1, 31K2
_cTEXL
_2cc
999 _c1035522
_d1035522